Vatikan passt Kirchenrecht an
Als Reaktion auf die wachsende Migration von Katholiken aus dem Nahen Osten hat der Vatikan das Kirchenrecht der römischen-katholischen Kirche an das Gesetzbuch der katholischen Ostkirchen angepasst. Ein am Donnerstag veröffentlichter Erlass vereinheitlicht die Normen etwa für Eheschließungen von Pa...
| Format: | Print Article |
|---|---|
| Language: | German |
| Check availability: | HBZ Gateway |
| Interlibrary Loan: | Interlibrary Loan for the Fachinformationsdienste (Specialized Information Services in Germany) |
| Published: |
2016
|
| In: |
Vatikan, Ausland, EU
Year: 2016, Volume: 179, Pages: 18-19 |
| IxTheo Classification: | SB Catholic Church law |
| Further subjects: | B
Vatikanstadt
B Baptism B Law B Church law B Holy See (motif) B Holy See (motif) Codex iuris canonici 1983. can. 111 B Eastern Church B Holy See (motif) Codex iuris canonici 1983. can. 1124 B Wedding ceremony B Marriage |
MARC
| LEADER | 00000caa a22000002c 4500 | ||
|---|---|---|---|
| 001 | 1763645797 | ||
| 003 | DE-627 | ||
| 005 | 20220510163257.0 | ||
| 007 | tu | ||
| 008 | 210719s2016 xx ||||| 00| ||ger c | ||
| 035 | |a (DE-627)1763645797 | ||
| 035 | |a (DE-599)KXP1763645797 | ||
| 040 | |a DE-627 |b ger |c DE-627 |e rakwb | ||
| 041 | |a ger | ||
| 084 | |a 1 |2 ssgn | ||
| 245 | 0 | 0 | |a Vatikan passt Kirchenrecht an |
| 264 | 1 | |c 2016 | |
| 336 | |a Text |b txt |2 rdacontent | ||
| 337 | |a ohne Hilfsmittel zu benutzen |b n |2 rdamedia | ||
| 338 | |a Band |b nc |2 rdacarrier | ||
| 520 | |a Als Reaktion auf die wachsende Migration von Katholiken aus dem Nahen Osten hat der Vatikan das Kirchenrecht der römischen-katholischen Kirche an das Gesetzbuch der katholischen Ostkirchen angepasst. Ein am Donnerstag veröffentlichter Erlass vereinheitlicht die Normen etwa für Eheschließungen von Paaren der unterschiedlichen katholischen Riten und die Taufe von Kindern solcher Paare | ||
| 601 | |a Kirchenrecht | ||
| 610 | 2 | 7 | |0 (DE-588)2009545-4 |0 (DE-627)101659261 |0 (DE-576)191644501 |a Katholische Kirche |2 gnd |
| 610 | 2 | 7 | |0 (DE-588)1126444979 |0 (DE-627)880919426 |0 (DE-576)484494112 |a Katholische Kirche |t Codex iuris canonici |f 1983 |p can. 111 |2 gnd |
| 610 | 2 | 7 | |0 (DE-588)7702869-7 |0 (DE-627)702924431 |0 (DE-576)323481051 |a Katholische Kirche |t Codex iuris canonici |f 1983 |p can. 1124 |2 gnd |
| 650 | 0 | 7 | |0 (DE-588)4030746-3 |0 (DE-627)106268872 |0 (DE-576)208988866 |a Kirchenrecht |2 gnd |
| 650 | 0 | 7 | |0 (DE-588)4044087-4 |0 (DE-627)106207296 |0 (DE-576)209058803 |a Ostkirche |2 gnd |
| 650 | 0 | 7 | |0 (DE-588)4044087-4 |0 (DE-627)106207296 |0 (DE-576)209058803 |a Ostkirche |2 gnd |
| 650 | 0 | 7 | |0 (DE-588)4013630-9 |0 (DE-627)106342541 |0 (DE-576)208904859 |a Ehe |2 gnd |
| 650 | 0 | 7 | |0 (DE-588)4013657-7 |0 (DE-627)106342479 |0 (DE-576)208904964 |a Eheschließung |2 gnd |
| 650 | 0 | 7 | |0 (DE-588)4020660-9 |0 (DE-627)106317172 |0 (DE-576)208934340 |a Gesetz |2 gnd |
| 650 | 0 | 7 | |0 (DE-588)4059150-5 |0 (DE-627)104152141 |0 (DE-576)209129654 |a Taufe |2 gnd |
| 651 | 7 | |0 (DE-588)4062404-3 |0 (DE-627)106132113 |0 (DE-576)209144017 |a Vatikanstadt |2 gnd | |
| 652 | |a SB | ||
| 773 | 0 | 8 | |i Enthalten in |t Vatikan, Ausland, EU |d Bonn : KNA, 2007 |g 179(2016), Seite 18-19 |w (DE-627)584012802 |w (DE-600)2459454-4 |w (DE-576)474194167 |7 nnas |
| 773 | 1 | 8 | |g volume:179 |g year:2016 |g pages:18-19 |
| 935 | |a DAKR | ||
| 951 | |a AR | ||
| CAL | |a 201110000_201119999,211240000_211249999 | ||
| CAN | |a 1 | ||
| ELC | |b 1 | ||
| LOK | |0 000 xxxxxcx a22 zn 4500 | ||
| LOK | |0 001 3955939081 | ||
| LOK | |0 003 DE-627 | ||
| LOK | |0 004 1763645797 | ||
| LOK | |0 005 20210719144850 | ||
| LOK | |0 008 210719||||||||||||||||ger||||||| | ||
| LOK | |0 035 |a (DE-Tue135-3)DAKAR1_53207 | ||
| LOK | |0 040 |a DE-Tue135-3 |c DE-627 |d DE-Tue135-3 | ||
| LOK | |0 092 |o n | ||
| LOK | |0 852 |a DE-Tue135-3 | ||
| LOK | |0 852 1 |9 00 | ||
| LOK | |0 935 |a msmi | ||
| LOK | |0 936ln |0 1442053313 |a SB | ||
| LOK | |0 939 |a 19-07-21 |b l01 | ||
| ORI | |a SA-MARC-ixtheoa001.raw | ||
| REF | |a Orientalisches Kirchenrecht | ||
| STA | 0 | 0 | |a Baptism,Baptism,Church law,Ecclesiastical law,Eastern Church,Holy See (motif),Catholic church,Catholic Church,Catholic Church,Former pilgrimage church Saint Ottilia,Law,Law,Legislation,Law,Law,Theology,Marriage,Marriage,Marriage in literature,Marital life,Matrimony,Married people,Marriage,Wedding ceremony,Wedding ceremony,Marriage ceremony,Church wedding |
| STB | 0 | 0 | |a Baptême,Baptême,Droit ecclésiastique,Loi,Loi,Loi,Loi,Loi,Mariage,Mariage,Mariage,Mariage,Couples,Psychologie du couple,Saint-Siège (motif),Église catholique,Église catholique,Église orientale |
| STC | 0 | 0 | |a Bautismo,Bautismo,Celebración del matrimonio,Celebración del matrimonio,Derecho eclesiástico,Iglesia oriental,Ley,Ley,Ley,Ley,Ley,Matrimonio,Matrimonio,Matrimonio,Movimiento juvenil católico |
| STD | 0 | 0 | |a Battesimo,Battesimo,Chiesa cattolica,Chiesa orientale,Contrazione di matrimonio <motivo>,Contrazione di matrimonio,Celebrazione del matrimonio,Celebrazione del matrimonio,Celebrazione del matrimonio (motivo),Celebrazione del matrimonio,Diritto ecclesiastico,Legge,Legge,Legge,Legge,Legge,Matrimonio,Matrimonio |
| STE | 0 | 0 | |a 东方教会,天主教会,罗马公教,婚姻,婚姻,教会法规,教规,法律,法律,律例,律法,律例,律法,洗礼,洗礼,浸礼,浸礼,结婚典礼,结婚典礼,婚礼,婚礼 |
| STF | 0 | 0 | |a 天主教會,羅馬公教,婚姻,婚姻,教會法規,教規,東方教會,洗禮,洗禮,浸禮,浸禮,物理定律,法律,法律,律例,律法,律例,律法,結婚典禮,結婚典禮,婚禮,婚禮 |
| STG | 0 | 0 | |a Batismo,Batismo,Celebração do casamento,Celebração do casamento,Direito eclesiástico,Igreja católica,Igreja oriental,Lei,Lei,Lei,Lei,Lei,Matrimônio,Matrimônio |
| STH | 0 | 0 | |a Брак,Брак (мотив),Восточная церковь,Заключение брака (мотив),Заключение брака,Закон (наука),Закон (физика),Закон (мотив),Закон (богословие),Закон,Каноническое право,Церковное право,Католическая церковь (мотив),Крещение (мотив),Крещение |
| STI | 0 | 0 | |a Ανατολική εκκλησία,Βάπτιση (μοτίβο),Βάπτιση,Γάμος,Γάμος (μοτίβο),Εκκλησιαστικό Δίκαιο,Καθολική Εκκλησία (μοτίβο),Νόμος (επιστήμη),Νόμος (φυσική),Νόμος (μοτίβο),Νόμος (θεολογία),Νόμος,Σύναψη γάμου (μοτίβο),Σύναψη γάμου |
| SUB | |a CAN | ||
| SYB | 0 | 0 | |a Katolikus Egyház,RCC,Katoličeskaj Cerkovʹ,Katoličke Cerkve,Katolska Cyrkej,Katolske Kirke,Ecclesia Catholica,Igreja Católica,Römisch-Katholische Kirche,Katholikē Ekklēsia,Catholic Church,Roman Catholic Church,Eglise Catholique,Eglise Catholique Romaine,Chiesa Cattolica,Katholieke Kerk,Iglesia Católica,Katolické Církve,Kościoł Katolicki,Katoličke Crkve,Eglise catholique romaine,Chiesa cattolica romana,Roman catholic Church,Eglise catholique,Römische Kirche , Eglise catholique,Roman Catholic Church,Catholic Church , Ehemalige Wallfahrtskirche Sankt Ottilia |
| SYE | 0 | 0 | |a Ostkirchen,Orientalische Kirche , Ostkirchen,Orientalische Kirche , Eheleben,Ehen , Heirat,Trauung,Verehelichung,Vermählung , Physikalisches Gesetz,Theologie,Gesetzliche Regelung,Gesetze |
| SYF | 0 | 0 | |a Vatikanstaat,Rom,Vaticanus,Vatican City,Cité du Vatican,Civitas Vaticana,Governatorato Vaticano,Governatorato,Città del Vaticano,Governo Pontificio,Città del Vaticano,Zentralkomitee,Città del Vaticano,Vatikan,Vaticano,Staat Vatikanstadt,Stato della Città del Vaticano,Vatican,Vatican City State,Vatican State,Etat de la Cité du Vatican,Staat der Vatikanstadt,Città del Vaticano,Cité du Vatican,Vatikanstadt,Vatican,Vaticano,Vatikan |